000 02580nam2a2200301 4500
001 RU\NLR\BIBL_A\010761088
005 20250614094651.0
035 _a(NLR Aleph) 010761088
090 _a9982167
_c9982167
100 _a20150521d2015 |||y0rusy50 ca
101 0 _arus
102 _aRU
105 _aa|||z|||000yy
200 1 _a[Особенности соматических заболеваний у жителей блокадного Ленинграда и людей старших возрастных групп
_fКом. по здравоохранению Правительства Санкт-Петербурга, С.-Петерб. гос. бюджет. учреждение здравоохранения "Клин. гор. больница № 46 Святой Евгении" (Лечеб.-дигност., реабилитац. и науч. центр для жителей блокад. Ленинграда)
_gотв. ред.: к.м.н. А.С. Башкирцев]
210 _d2015
_aБ. м.
215 _a295 с.
_cил.
300 _a70-летию Победы в Великой Отеч. войне посвящается
320 _aБиблиогр. в конце ст.
461 0 _1001RU\NLR\BIBL_A\010768873
_12000#$aБолезни блокадников$e[особенности течения и лечения заболеваний у жителей блокадного Ленинграда, лиц пожилого и старческого возраста$eсборник статей]$vВып. 10, юбилейный
_910012964
_cСанкт-Петербург
_d2013
_n[б. и.]
_o[особенности течения и лечения заболеваний у жителей блокадного Ленинграда, лиц пожилого и старческого возраста : сборник статей]
_tБолезни блокадников
_vВып. 10, юбилейный
606 1 _aСоматические болезни блокадников
_92233863
_3RU\NLR\AUTH\6601572825
606 1 _aСоматические болезни пожилых и старых людей
_92233866
_3RU\NLR\AUTH\6601572826
686 1 _aР41-92
702 1 _aБашкирцев
_bА.С.
_gАлексей Сергеевич
_4340
712 0 2 _4570
_aКлиническая городская больница Святой Евгении
_c46; Санкт-Петербург
_9467162
_3RU\NLR\AUTH\880400103
942 _cBOOK
980 _aNB